Les contraires avec les émojis - Statistiques

Statistiques générales
  • Ce quiz a été pris 123 fois
  • Le résultat moyen est 11 sur 15
Statistiques - réponses
Hint Réponse % Correct
🌜 soleil
99%
🐱 chien
97%
bas
94%
🔥 eau
93%
🦶 main
92%
😈 ange
91%
moins
91%
🤑 pauvre
86%
🌃 jour
85%
🧓 jeune
81%
faux
68%
été
52%
👍 non
41%
😭 joyeux
36%
💡 sombre
23%
Aucun quiz correspondant
Distribution des résultats
% des personnes avec chaque résultat
Percentile par nombre de réponses
Votre historique - résultats
Vous n’avez pas pris ce quiz